00645nam a2200181Ia 4500003000900000008004100009040001600050080002200066100002100088245011700109260004500226300002300271650002500294650002400319942000700343999001500350952009800365IN-BaIIA211028s9999 xx 000 0 eng d cIIA Library a083.8:524.45bLYN aLynga, G.912644 2aA computer readable catalogue of open cluster datacG. Lynga  aFrancebObservatoire De Strasbourgc1980 a[various pagings.] aOpen Clusters912645 aStar clusters96686 cBK c7379d7379 00104070aBANbBANcGENd1983-06-30l0o083.8:524.45/ LYNp8188r2021-11-05w1983-06-30yBK